000
00328nam a22001457a 4500
008
210310b ||||| |||| 00| 0 eng d
020
_a
0155374656
041
_a
eng
080
_2
4th
_a
159.9
082
_a
159.9
100
_a
48
101
_a
PSI
245
_a
A History of Modern Psychology
_c
Schultz,D.P
942
_2
udc
_c
BK
999
_c
56267
_d
56267